| 000 | 06471cam a2201297 a 4500 | ||
|---|---|---|---|
| 999 | _c57319 | ||
| 001 | 10126431 | ||
| 003 | LIBRIS | ||
| 005 | 20210406122940.0 | ||
| 008 | 060323s2006 sw |||||||||||000 0|swe| | ||
| 020 |
_a9178432227 _qinb. |
||
| 035 | _a(Bo)384753 | ||
| 035 | _a(Mo)b1611385 | ||
| 040 |
_aLGEN _dNB _ea |
||
| 041 | _aswe | ||
| 082 | 0 | 4 |
_a914.85066 _223/swe |
| 084 |
_aQm-c _2kssb/7 |
||
| 084 | _aMåltidsakademiens biblioteksstiftelse | ||
| 084 | _aMåltidslitteratur 2006 | ||
| 084 | _aKategori: Årsböcker, restaurangguider och kalendrar | ||
| 084 |
_aQm-c _2kssb/8 |
||
| 084 |
_aNc.08 _2kssb/8 |
||
| 100 | 1 |
_aEngstedt, Pippi, _d1964- _0https://libris.kb.se/nl0367w608qdmp4#it |
|
| 245 | 1 | 0 |
_aVandrarhem vid vatten / _cPippi Engstedt och Gunilla Welander. |
| 264 | 1 |
_aMalmö : _bArena, _c2006 |
|
| 264 | 3 |
_aVärnamo : _bFälth & Hässler |
|
| 300 |
_a144 s. _bfärgill. _c23 cm |
||
| 340 | _b23 cm | ||
| 500 |
_5Mo _asvenska |
||
| 500 |
_5Ugot _aPensionat Holmhällar ; Stora Karlsö ; Lilla Karlsö ; Ljugarn ; S:t Hans (Visby) |
||
| 520 | 8 | _aHanö s. 56-57. Ebbamåla bruk s. 58-59. | |
| 541 | _5Gma | ||
| 541 | _5Og | ||
| 541 | _5Og | ||
| 650 | 7 |
_aVandrarhem _zSverige _2sao |
|
| 651 | 4 | _aHanö | |
| 651 | 4 | _aEbbamåla | |
| 653 | _aResehandböcker | ||
| 655 | 4 |
_5Mo _aBok |
|
| 700 | 1 |
_aWelander, Gunilla, _d1964- _0https://libris.kb.se/pm1478x72tckx2x#it |
|
| 887 |
_a{"@id":"cvnnvq8p22gtb1p","modified":"2019-06-12T17:35:52.13+02:00","checksum":"86373005189"} _2librisxl |
||
| 887 |
_a{"@id":"z394qtc44vdq636","modified":"2017-04-18T10:54:14+02:00","checksum":"52378389158"} _2librisxl |
||
| 887 |
_a{"@id":"djrnfmwk0d62cjq","modified":"2016-01-25T11:53:48+01:00","checksum":"59883816939"} _2librisxl |
||
| 887 |
_a{"@id":"48gmqrs91bwdx29","modified":"2010-10-27T08:58:37+02:00","checksum":"66036771379"} _2librisxl |
||
| 887 |
_a{"@id":"9fm8p0sg12rkl78","modified":"2014-04-01T11:25:38+02:00","checksum":"48771639199"} _2librisxl |
||
| 887 |
_a{"@id":"pt1w68gv1mtfwgz","modified":"2006-12-18T11:45:43+01:00","checksum":"55500423950"} _2librisxl |
||
| 887 |
_a{"@id":"lqxrl4qr2v9qmmh","modified":"2006-08-31T16:57:02+02:00","checksum":"58901951568"} _2librisxl |
||
| 887 |
_a{"@id":"04b9f4t5306v8pg","modified":"2008-08-25T09:45:18+02:00","checksum":"49808357567"} _2librisxl |
||
| 887 |
_a{"@id":"8dljx5mf4kf813q","modified":"2008-03-27T10:44:14+01:00","checksum":"64467532900"} _2librisxl |
||
| 887 |
_a{"@id":"glsm76km1wckfv0","modified":"2016-03-07T09:58:40+01:00","checksum":"53099178977"} _2librisxl |
||
| 887 |
_a{"@id":"sx4zgk1z3bg59kj","modified":"2006-05-09T08:38:17+02:00","checksum":"63118013857"} _2librisxl |
||
| 887 |
_a{"@id":"9fmhcrsg3fq5mls","modified":"2016-10-12T14:26:22+02:00","checksum":"56746248725"} _2librisxl |
||
| 887 |
_a{"@id":"6bjpvbrc56fs147","modified":"2010-11-05T08:47:35+01:00","checksum":"51852573706"} _2librisxl |
||
| 887 |
_a{"@id":"59jbvkkb5ds8nkn","modified":"2015-06-22T10:33:20+02:00","checksum":"53046159040"} _2librisxl |
||
| 887 |
_a{"@id":"9fmm1ktg0s3353s","modified":"2009-02-23T09:12:24+01:00","checksum":"39450549731"} _2librisxl |
||
| 887 |
_a{"@id":"chpjbn4j4dm5v56","modified":"2008-10-23T15:31:25+02:00","checksum":"65546282116"} _2librisxl |
||
| 887 |
_a{"@id":"hrrtgktwf50tgtlz","modified":"2018-10-02T14:15:29.239+02:00","checksum":"16764932986"} _2librisxl |
||
| 887 |
_a{"@id":"8dlfx3xf1h34fft","modified":"2006-05-09T15:24:04+02:00","checksum":"53377525670"} _2librisxl |
||
| 887 |
_a{"@id":"djqk053k2msj1qk","modified":"2006-04-10T13:15:48+02:00","checksum":"58714834993"} _2librisxl |
||
| 887 |
_a{"@id":"glsm1wwm4x4xksd","modified":"2006-03-23T20:00:51+01:00","checksum":"52777390297"} _2librisxl |
||
| 887 |
_a{"@id":"rw3xhp5x0328rjf","modified":"2006-06-07T13:40:14+02:00","checksum":"53826078120"} _2librisxl |
||
| 887 |
_a{"@id":"kpws3vhq3tmq7gh","modified":"2013-08-01T11:26:36+02:00","checksum":"48625753518"} _2librisxl |
||
| 887 |
_a{"@id":"chp6dcwj2r6gqjk","modified":"2013-06-13T14:53:42+02:00","checksum":"54731370623"} _2librisxl |
||
| 942 |
_2z _cBOOK |
||